000
00311nam a2200109Ia 4500
008
200302s9999 xx 000 0 und d
100
_a
Robert L. Peurifoy & Other
245
_a
Construction planning, Equipment and Methods 6th ed.
260
_b
Tata Mcgraw-Hill Publishing Co.
260
_c
2002
300
_a
669 P.,
999
_c
1362
_d
1362